Team Sky 2016 riders - Statistics

General Stats
  • This quiz has been taken 12 times
  • The average score is 16 of 29
Answer Stats
Hint Answer % Correct
GBR Christopher Froome
100%
GBR Geraint Thomas
91%
COL Sebastián Henao
91%
COL Sergio Luis Henao
91%
GBR Ian Stannard
82%
IRL Nicolas Roche
82%
ITA Elia Viviani
73%
GBR Luke Rowe
73%
POL Michal Kwiatkowski
73%
ESP Mikel Nieve
73%
NED Wout Poels
73%
ESP David Lopez Garcia
64%
CZE Leopold König
64%
ESP Mikel Landa
64%
POL Michal Golas
55%
GBR Peter Kennaugh
55%
USA Ian Boswell
45%
BLR Vasil Kiryienka
45%
GER Christian Knees
36%
ITA Gianni Moscon
36%
ITA Salvatore Puccio
36%
ESP Xabier Zandio
36%
ESP Beñat Intxausti
27%
NOR Lars Petter Nordhaug
27%
IRL Philip Deignan
27%
GBR Andrew Fenn
18%
GBR Ben Swift
18%
NED Danny van Poppel
18%
GBR Alex Peters
9%
No matching quizzes found
Score Distribution
Percent of People with Each Score
Percentile by Number Answered
Your Score History
You have not taken this quiz